Les 50 plus grandes villes de France - Statistiques

Statistiques générales
  • Ce quiz a été pris 1 847 fois
  • Le résultat moyen est 34 sur 50
Statistiques - réponses
Classement Population Ville % Correct
1 2 133 111 Paris
100%
2 873 076 Marseille
99%
3 522 250 Lyon
98%
4 504 078 Toulouse
97%
10 236 710 Lille
96%
9 261 804 Bordeaux
95%
5 348 085 Nice
95%
8 291 313 Strasbourg
95%
6 323 204 Nantes
94%
11 225 081 Rennes
92%
7 302 454 Montpellier
89%
24 139 619 Brest
87%
17 157 477 Grenoble
81%
16 159 346 Dijon
79%
15 166 058 Le Havre
79%
14 172 718 Saint-Etienne
79%
12 180 452 Toulon
79%
22 147 327 Clermont-Ferrand
76%
29 120 874 Metz
76%
13 179 380 Reims
76%
18 157 175 Angers
73%
34 108 200 Caen
73%
33 114 083 Rouen
73%
37 104 260 Nancy
71%
32 116 617 Orléans
71%
30 119 808 Perpignan
71%
25 137 658 Tours
70%
19 157 765 Saint-Denis
67%
45 78 355 La Rochelle
66%
26 133 625 Amiens
65%
20 148 765 Nîmes
65%
27 131 715 Annecy
63%
47 77 066 Pau
62%
23 145 004 Le Mans
61%
28 129 760 Limoges
61%
21 147 478 Aix-en-Provence
59%
41 86 788 Dunkerque
59%
40 90 249 Poitiers
56%
35 106 341 Mulhouse
54%
39 90 330 Avignon
51%
31 119 198 Besançon
51%
50 73 822 Ajaccio
49%
43 83 587 Versailles
45%
44 80 341 Béziers
37%
46 77 808 Cherbourg-en-Cotentin
33%
49 74 921 Fort-de-France
31%
48 75 130 Antibes
22%
42 84 077 Saint-Pierre
20%
36 105 240 Saint-Paul
19%
38 94 285 Nouméa
16%
Aucun quiz correspondant
Distribution des résultats
% des personnes avec chaque résultat
Percentile par nombre de réponses
Votre historique - résultats
Vous n’avez pas pris ce quiz